000 01293nam0a22003011 4500
001 v19\rc\1451302
005 20250618195046.0
035 _a(NLR Aleph) 004684979
090 _a3858211
_c3858211
100 _a20060620d1877 |||y0rusy50 ca
101 0 _arus
102 _aRU
105 _ay b |||||
200 1 _aКаталог книгам, находящимся в библиотеке А. Шах-Азизова, в Тифлисе
210 _aТифлис
_d1877
215 _a94 с.
_d16
311 _aДополнительный каталог, 1882 (шифр: 18.162.3.85)
421 0 _11010#$arus
_12001#$aДополнительный каталог
_1210##$d1882
_1215##$a[2], 24 с.
_1899##$aNLR$j18.162.3.85
_tДополнительный каталог
532 1 0 _aКаталог книгам, находящимся в библиотеке Александра Шах-Азизова, в Тифлисе
702 1 _aШах-Азизов
_bА.Я.
_gАлександр Я.
_4570
710 0 2 _aШах-Азизов, А.Я., библиотека
_cТифлис
790 1 _aАзизов
_bА.Я.
_gАлександр Я.
801 0 _aRU
_bNLR
_gpsbo
801 0 _aRU
_bRuMoRGB
_2psbo
801 1 _aRU
_bProSoft-M
_2rusmarc
852 _aNLR
_j18.67.8.318
942 _cBOOK
980 _aNB